000 00737nam a22002417a 4500
999 _c12525
_d12525
003 AR-CdUCM
008 190409b ||||| |||| 00| 0 spa d
020 _a3-473-35805-3
040 _aMUNICIPALIDAD PROVINCIAL DEL CUSCO
_cBIBLIOTECA MUNICIPAL DEL CUSCO
041 _hit
082 _aEP / 372 /
_bM17
100 _aMai, Manfred
_930398
245 _aWo die Menschen leben /
260 _aItalia :
_bRavensburger Buchverlag,
_c1994.
300 _a32 paginas ;
_bIlustraciones, Graficos, Dibujos,
_c29 cm.
500 _aTexto educativo
650 _aTexto educativo
_925832
650 _aIngles
_97365
650 _aConocimientos
_919868
700 _aVolery, Raphael
_930399
942 _2ddc
_cLIBROS
945 _apjha
_d2019-04-09